MARC

LEADER 00000nam0a2200000 4500
001 363877
005 20231102011631.0
035 |a (RuTPU)RU\TPU\retro\21224 
090 |a 363877 
100 |a 20211014d1981 m y0rusy50 ca 
101 0 |a rus 
102 |a RU 
105 |a a z 000zb 
200 1 |a И пусть ветры в лицо (0б А. П. Белобородове)  |f В. Ф. Макеев 
210 |a Москва  |c Политиздат  |d 1981 
215 |a 110 с.  |c ил. 
225 1 |a Герои Советской Родины 
600 1 |a Белобородов  |b А. П.  |c советский военноначальник  |c дважды Герой Советского Союза  |f 1903-1990  |g Афанасий Павлантьевич  |2 stltpush  |3 (RuTPU)RU\TPU\pers\46982 
606 1 |a Герои Великой Отечественной войны 1941-1945  |2 stltpush  |3 (RuTPU)RU\TPU\subj\66794  |9 82828 
610 1 |a военноначальники 
610 1 |a боевые операции 
610 1 |a политотделы 
610 1 |a персоналии 
686 |a Т3(2)622,88  |v LBC/SL-A  |2 rubbk 
700 1 |a Макеев  |b В. Ф.  |g Владимир Федорович 
801 1 |a RU  |b 63413507  |c 20211014 
801 2 |a RU  |b 63413507  |c 20211014  |g RCR 
942 |c BK